LEADER 00421nab a2200145 i 4500 001 000000265670 003 CaOOAMICUS 005 20070108000000.0 008 070108n xx uu u0 0und r 013 $a8853 040 $aSeMil$bita 245 10$a[SENZA TITOLO]. 500 $aDICEMBRE 2006. 773 0 $t[2006].$dRoma : Associazione Italiana Santa Cecilia, 2006.$w()147719 996 $6245$a[SENZA TITOLO]$9(OLS)http://semarc/title/354609 LEADER 01182nam a2200265 i 4500 001 000000072528 003 CaOOAMICUS 005 20090330000000.0 008 090330s1969 it u000 u ita u 013 $a43700 040 $aSeMil$bita 100 1 $aPiaget, Jean,$d<1896-1980>.$0(OLS)http://semarc/name/1535 240 10$aLogic and psychology.$0(OLS)http://semarc/title/116965 245 10$aLogica e psicologia /$cJean Piaget ; prefazione di Aldo Visalberghi. 260 $aFirenze :$bLa Nuova Italia,$c1969. 300 $aVI, 84 p. ;$c21 cm. 490 0 $aBiblioteca di cultura ;$v83 500 $aTesto di tre conferenze tenute dall'A. all'Università di Manchester nel 1952. - Segue: Appendice. 650 4$aLogica e psicologia.$0(OLS)http://semarc/subject/14641 700 1 $aVisalberghi, Aldo,$d<1919-2007>.$0(OLS)http://semarc/name/6281 830 0$aBiblioteca di cultura ;$v83.$0(OLS)http://semarc/title/6149 850 $aSeMil 852 $aSeMil$W1$xVenegono$y1$m2Q I 379$j38681$B38681$CSeMilBibl$Z2$F38684 $81 996 $6245$aLogica e psicologia$9(OLS)http://semarc/title/116964 996 $6260$aFirenze :$bLa Nuova Italia$9(OLS)http://semarc/publisher/30055